| 000 | 00976cam a2200253 a 4500 | ||
|---|---|---|---|
| 005 | 20161207081041.0 | ||
| 008 | 140611s2014 enkad fr 001 0 eng d | ||
| 020 | _a9780230289154 | ||
| 020 | _a9780230289161 | ||
| 040 |
_aCO-BoUCM _cDavid Avila (modificó) _bspa _dJose A. Gerena |
||
| 041 | 0 | _aeng | |
| 100 | 1 |
_aBroome, André _962458 |
|
| 245 | 1 | 0 |
_aIssues and actors in the global political economy _cAndré Broome. |
| 260 |
_aBasingstoke (Hampshire, Inglaterra) _bPalgrave Macmillan _c2014 |
||
| 300 |
_axviii, 324 páginas _bilustraciones, gráficas, diagramas |
||
| 504 | _aIncluye referencias bibliográficas e índices | ||
| 650 | 1 | 7 |
_921972 _aPolítica económica |
| 650 | 2 | 7 |
_923446 _aRelaciones económicas internacionales |
| 650 | 2 | 7 |
_aEconomía internacional _97543 |
| 650 | 2 | 7 |
_aGlobalización _xAspectos económicos _933475 |
| 690 |
_aEconomía internacional _97543 |
||
| 942 |
_a7 _cLIBRO _e1 _mB873 _2DEWEY _h337 |
||
| 999 |
_c255182 _d255182 |
||